[Event "4NCL/Div4/CELT1 vs. PPA2"]
[Site "Birmingham ENG"]
[Date "2007.10.27"]
[Round "1.1"]
[White "Wippermann, Till"]
[Black "Winfridsson, Ola"]
[Result "1-0"]
[WhiteElo "2438"]
[BlackElo "2108"]
[PlyCount "71"]
[EventDate "2007.10.27"]
[EventType "team"]
[EventRounds "11"]
[EventCountry "ENG"]
[SourceDate "2007.09.15"]

1. e4 c6 2. d4 d5 3. e5 Bf5 4. Nd2 e6 5. Nb3 Nd7 6. Nf3 Ne7 7. Be2 c5 8. Nxc5
Nxc5 9. dxc5 Qa5+ 10. c3 Qxc5 11. Qa4+ Nc6 12. Nd4 Qa5 13. Qxa5 Nxa5 14. Bb5+
Kd8 15. Nxf5 exf5 16. Bf4 Ke7 17. O-O-O Ke6 18. Rhe1 Rc8 19. Bd7+ Kxd7 20.
Rxd5+ Kc6 21. Rxa5 Bc5 22. Be3 Bb6 23. Bxb6 axb6 24. Ra4 Rhe8 25. Rc4+ Kd5 26.
Rd4+ Kc5 27. Rd7 f6 28. e6 Rc6 29. e7 Rd6 30. Rxb7 g5 31. Rc7+ Kd5 32. Kc2 h5
33. Kd3 b5 34. b4 Rc6 35. Rxc6 Kxc6 36. Re6+ 1-0

[Event "4NCL/Div4/CELT1 vs. PPA2"]
[Site "Birmingham ENG"]
[Date "2007.10.27"]
[Round "1.2"]
[White "Goodger, Martyn"]
[Black "Kemp, Peter D"]
[Result "1/2-1/2"]
[WhiteElo "2067"]
[BlackElo "2189"]
[PlyCount "104"]
[EventDate "2007.10.27"]
[EventType "team"]
[EventRounds "11"]
[EventCountry "ENG"]
[SourceDate "2007.09.15"]

1. e4 e5 2. Nf3 Nc6 3. Bb5 a6 4. Ba4 Nf6 5. Qe2 b5 6. Bb3 Be7 7. O-O Bb7 8. c3
d6 9. d4 O-O 10. Rd1 Qc8 11. Nbd2 Nh5 12. Nf1 Qg4 13. h3 Nf4 14. Bxf4 Qxf4 15.
Ne3 Qh6 16. Nf5 Qf6 17. Nh2 exd4 18. cxd4 Rfe8 19. Ng4 Qg6 20. Nxe7+ Rxe7 21.
f3 Na5 22. Bc2 f5 23. e5 Rf8 24. Qf2 Qe6 25. exd6 Qxd6 26. Ne5 c5 27. f4 c4 28.
Rd2 Bd5 29. a3 Nb7 30. Rad1 a5 31. Bb1 Nd8 32. Qh4 Re6 33. Qg5 Ref6 34. Kh2 Ne6
35. Qg3 b4 36. axb4 axb4 37. Qf2 Ra8 38. Qf1 Rff8 39. g3 c3 40. bxc3 bxc3 41.
Rf2 Qb4 42. g4 fxg4 43. hxg4 Rf6 44. g5 Rxf4 45. Rxf4 Nxf4 46. Qxf4 Qb2+ 47.
Kh3 Qg2+ 48. Kh4 Rf8 49. Bxh7+ Kxh7 50. Qxf8 Qh2+ 51. Kg4 Qg2+ 52. Kh4 Qh2+
1/2-1/2

[Event "4NCL/Div4/CELT1 vs. PPA2"]
[Site "Birmingham ENG"]
[Date "2007.10.27"]
[Round "1.3"]
[White "Josse, Mark"]
[Black "Taylor, Robert K"]
[Result "1-0"]
[WhiteElo "2140"]
[BlackElo "2106"]
[PlyCount "47"]
[EventDate "2007.10.27"]
[EventType "team"]
[EventRounds "11"]
[EventCountry "ENG"]
[SourceDate "2007.09.15"]

1. e4 c5 2. Nf3 d6 3. d4 Nf6 4. Nc3 Qa5 5. Bd3 cxd4 6. Nxd4 Nc6 7. Nb3 Qd8 8.
Bg5 e6 9. f4 Be7 10. Qf3 h6 11. Bh4 Nb4 12. O-O-O Bd7 13. Bxf6 Nxd3+ 14. Rxd3
gxf6 15. Rhd1 Qb6 16. Nd5 exd5 17. exd5 Kf8 18. f5 Rc8 19. c3 Rc4 20. Nd4 Ra4
21. a3 Bd8 22. Qg4 Qb3 23. Rg3 Be6 24. Qg7+ 1-0

[Event "4NCL/Div4/CELT1 vs. PPA2"]
[Site "Birmingham ENG"]
[Date "2007.10.27"]
[Round "1.4"]
[White "McMahon, Paul"]
[Black "French, Angus"]
[Result "1/2-1/2"]
[WhiteElo "2031"]
[BlackElo "2106"]
[PlyCount "97"]
[EventDate "2007.10.27"]
[EventType "team"]
[EventRounds "11"]
[EventCountry "ENG"]
[SourceDate "2007.09.15"]

1. Nc3 d5 2. e4 d4 3. Nce2 e5 4. f4 Nc6 5. Nf3 Bd6 6. fxe5 Bxe5 7. Nxe5 Nxe5 8.
d3 Qh4+ 9. Ng3 Nf6 10. Qd2 Nh5 11. Qg5 Qxg5 12. Bxg5 Nxg3 13. hxg3 f6 14. Bf4
Be6 15. Bxe5 fxe5 16. Rh5 Kd7 17. Rxe5 g6 18. c3 dxc3 19. bxc3 c6 20. Be2 Kd6
21. d4 b6 22. Bd1 Rae8 23. Kd2 Rhf8 24. Ke3 Rf7 25. Rxe6+ Kxe6 26. Bb3+ Ke7 27.
Bxf7 Kxf7 28. Rf1+ Kg7 29. c4 Rd8 30. Rf2 h5 31. e5 a6 32. a4 b5 33. axb5 axb5
34. cxb5 cxb5 35. Rb2 Rb8 36. d5 Kf7 37. Kd4 Ke7 38. Kc5 Rc8+ 39. Kb6 Rc3 40.
Rxb5 Rxg3 41. Rb2 Re3 42. Kc6 Rc3+ 43. Kb7 Re3 44. e6 g5 45. Rb6 Rd3 46. Rb5 h4
47. Kc6 Rc3+ {=} 48. Rc5 Rd3 49. Rb5 1/2-1/2

[Event "4NCL/Div4/CELT1 vs. PPA2"]
[Site "Birmingham ENG"]
[Date "2007.10.27"]
[Round "1.5"]
[White "Brown, Tom"]
[Black "Morris, Simon"]
[Result "0-1"]
[WhiteElo "2024"]
[BlackElo "1900"]
[PlyCount "78"]
[EventDate "2007.10.27"]
[EventType "team"]
[EventRounds "11"]
[EventCountry "ENG"]
[SourceDate "2007.09.15"]

1. d4 Nf6 2. c4 e6 3. Nc3 Bb4 4. f3 Bxc3+ 5. bxc3 d5 6. Bg5 h6 7. Bxf6 Qxf6 8.
e3 O-O 9. Bd3 Qg5 10. Qd2 f5 11. h4 Qe7 12. Ne2 c6 13. Nf4 Qc7 14. Ke2 e5 15.
Ng6 e4 16. fxe4 Rf6 17. exf5 Bxf5 18. Bxf5 Rxf5 19. Qd3 Rf6 20. Rhf1 Nd7 21.
cxd5 Qg3 22. Ne7+ Kh8 23. Qe4 Rxf1 24. Rxf1 Nf6 25. Qf3 Qd6 26. Ng6+ Kh7 27.
Qf5 cxd5 28. Nf8+ Kg8 29. Ne6 Qe7 30. Rf3 Re8 31. Nf4 Rd8 32. Rg3 Ne4 33. Rf3
Nxc3+ 34. Kf1 Qe4 35. Qg4 Qb1+ 36. Kf2 Ne4+ 37. Ke2 Qc2+ 38. Ke1 Qd2+ 39. Kf1
Qd1# 0-1

[Event "4NCL/Div4/WOB vs. BRJ"]
[Site "Birmingham ENG"]
[Date "2007.10.27"]
[Round "1.1"]
[White "Davies, Matthew"]
[Black "Girdlestone, Paul"]
[Result "0-1"]
[WhiteElo "1937"]
[BlackElo "2240"]
[PlyCount "64"]
[EventDate "2007.10.27"]
[EventType "team"]
[EventRounds "11"]
[EventCountry "ENG"]
[SourceDate "2007.09.15"]

1. d4 Nf6 2. c4 e6 3. Nc3 Bb4 4. e3 O-O 5. Bd3 Nc6 6. Nge2 e5 7. O-O Re8 8. a3
Bxc3 9. bxc3 e4 10. Bc2 Na5 11. c5 b6 12. cxb6 cxb6 13. Ng3 Ba6 14. Re1 Qc7 15.
Bd2 Nc4 16. Bb3 Rac8 17. Bxc4 Qxc4 18. Qb1 Qd5 19. c4 Rxc4 20. Rc1 h5 21. Rxc4
Bxc4 22. Qb4 h4 23. Nf1 Bxf1 24. Kxf1 h3 25. gxh3 Qh5 26. Qd6 Qxh3+ 27. Ke1 Re6
28. Qg3 Qh5 29. Rc1 Kh7 30. Bb4 Nd5 31. Bd6 Rg6 32. Qe5 Qf3 0-1

[Event "4NCL/Div4/WOB vs. BRJ"]
[Site "Birmingham ENG"]
[Date "2007.10.27"]
[Round "1.2"]
[White "Richmond, Peter A"]
[Black "Carpenter, Dai"]
[Result "1-0"]
[WhiteElo "2250"]
[BlackElo "1945"]
[PlyCount "65"]
[EventDate "2007.10.27"]
[EventType "team"]
[EventRounds "11"]
[EventCountry "ENG"]
[SourceDate "2007.09.15"]

1. e4 g6 2. d4 d6 3. Nc3 c6 4. Be3 Bg7 5. Qd2 b5 6. h4 b4 7. Nce2 Nf6 8. f3 e6
9. Qxb4 O-O 10. Qd2 Na6 11. g4 Rb8 12. c3 Qe7 13. Ng3 c5 14. h5 Nd7 15. Qh2 Bf6
16. Nh3 cxd4 17. cxd4 d5 18. e5 Bh4 19. hxg6 fxg6 20. Ng5 Bxg3+ 21. Qxg3 Rxb2
22. Be2 Nb4 23. Rxh7 Nc2+ 24. Kf2 Qxh7 25. Nxh7 Nxa1 26. Nxf8 Ba6 27. Nxe6
Rxe2+ 28. Kg1 Rxe3 29. Qh4 Rxf3 30. Kg2 Rf1 31. Qd8+ Nf8 32. Qxd5 Rf7 33. Nd8
1-0

[Event "4NCL/Div4/WOB vs. BRJ"]
[Site "Birmingham ENG"]
[Date "2007.10.27"]
[Round "1.3"]
[White "Zhu, Yao Yao"]
[Black "Cabero, Pablo Padilla"]
[Result "0-1"]
[WhiteElo "1997"]
[BlackElo "2152"]
[PlyCount "77"]
[EventDate "2007.10.27"]
[EventType "team"]
[EventRounds "11"]
[EventCountry "ENG"]
[SourceDate "2007.09.15"]

1. e4 Nf6 2. e5 Nd5 3. d4 c5 4. Nf3 d6 5. Be2 Nc6 6. exd6 exd6 7. O-O Be7 8. c4
Ndb4 9. a3 Qa5 10. dxc5 dxc5 11. Nbd2 Na6 12. Ne4 O-O 13. Bd2 Qc7 14. Qc2 Bf5
15. Nf6+ Bxf6 16. Qxf5 Ne7 17. Qh3 Rad8 18. Ng5 h6 19. Ne4 Bxb2 20. Rab1 Be5
21. f4 Bd4+ 22. Kh1 f5 23. Ng3 Nb8 24. Nh5 Rd6 25. Bc3 Nbc6 26. Bxd4 Nxd4 27.
Bf3 b6 28. Rbe1 Rfd8 29. Qg3 Ng6 30. Bd5+ Kh7 31. Qc3 b5 32. Re3 a5 33. Rfe1 b4
34. axb4 axb4 35. Qb2 Rb6 36. Re8 Rxe8 37. Rxe8 Nxf4 38. Bg8+ Kg6 39. Nxf4+ 0-1

[Event "4NCL/Div4/WOB vs. BRJ"]
[Site "Birmingham ENG"]
[Date "2007.10.27"]
[Round "1.4"]
[White "Tomboline, David"]
[Black "Healey, Michael"]
[Result "0-1"]
[WhiteElo "2040"]
[BlackElo "2010"]
[PlyCount "66"]
[EventDate "2007.10.27"]
[EventType "team"]
[EventRounds "11"]
[EventCountry "ENG"]
[SourceDate "2007.09.15"]

1. d4 Nf6 2. Bf4 d5 3. e3 e6 4. Nf3 Bd6 5. Ne5 O-O 6. Bd3 Nbd7 7. Nd2 Ne8 8.
Qh5 f5 9. O-O Nef6 10. Qh3 Bxe5 11. dxe5 Ne4 12. Nxe4 dxe4 13. Be2 Qe7 14. Qg3
b6 15. Bb5 Bb7 16. Bxd7 Qxd7 17. Rad1 Qf7 18. Rd2 Rad8 19. Rfd1 Rxd2 20. Rxd2
b5 21. Bg5 Bd5 22. b3 b4 23. f4 Rb8 24. c4 bxc3 25. Rc2 c5 26. Rxc3 c4 27. bxc4
Rb1+ 28. Kf2 Qh5 29. Rb3 Ra1 30. Qh4 Rxa2+ 31. Kg3 Qe2 32. Rb8+ Kf7 33. Qh3
Qf2# 0-1

[Event "4NCL/Div4/WOB vs. BRJ"]
[Site "Birmingham ENG"]
[Date "2007.10.27"]
[Round "1.5"]
[White "Parry, Matthew"]
[Black "Rabbitt, Michael"]
[Result "0-1"]
[WhiteElo "1855"]
[BlackElo "2110"]
[PlyCount "68"]
[EventDate "2007.10.27"]
[EventType "team"]
[EventRounds "11"]
[EventCountry "ENG"]
[SourceDate "2007.09.15"]

1. d4 Nf6 2. Nf3 e6 3. e3 b6 4. c4 Bb7 5. Nc3 Bb4 6. Qc2 Ne4 7. Bd3 f5 8. a3
Bxc3+ 9. bxc3 O-O 10. a4 a5 11. Ba3 d6 12. h4 Nd7 13. O-O-O Ndf6 14. Ng5 Nxg5
15. hxg5 Ng4 16. Qe2 Qxg5 17. f4 Qg6 18. Rh4 h6 19. Re1 Qe8 20. Bc2 Nf6 21. g4
Ne4 22. gxf5 exf5 23. Qg2 Kh7 24. Rg1 Qf7 25. c5 Rfe8 26. cxb6 cxb6 27. Bxe4
Bxe4 28. Qb2 Rac8 29. Kd2 Qc4 30. Rh3 Qd3+ 31. Ke1 Rxc3 32. Bxd6 Rc2 33. Rxg7+
Kxg7 34. Be5+ Rxe5 0-1

[Event "4NCL/Div4/WOB vs. BRJ"]
[Site "Birmingham ENG"]
[Date "2007.10.27"]
[Round "1.6"]
[White "Thomas, Nicola D"]
[Black "Griffiths, Hywel"]
[Result "0-1"]
[WhiteElo "1935"]
[BlackElo "1693"]
[PlyCount "74"]
[EventDate "2007.10.27"]
[EventType "team"]
[EventRounds "11"]
[EventCountry "ENG"]
[SourceDate "2007.09.15"]

1. e4 c5 2. Nf3 Nc6 3. d4 cxd4 4. Nxd4 d6 5. c4 g6 6. Nc3 Bg7 7. Be3 Nf6 8. Be2
O-O 9. O-O Bd7 10. f3 a6 11. Qd2 Rc8 12. Rac1 Ne5 13. b3 h5 14. h3 Nh7 15. f4
Nc6 16. Nf3 f5 17. Nh4 Qe8 18. exf5 Bxf5 19. Nxf5 Rxf5 20. g4 Bxc3 21. Rxc3 Rf6
22. gxh5 gxh5 23. Qd5+ e6 24. Qxh5 Rg6+ 25. Kh2 Nf6 26. Qf3 e5 27. f5 Nd4 28.
Bxd4 exd4 29. fxg6 dxc3 30. Rc1 Qe5+ 31. Kh1 Re8 32. Bd3 Re7 33. Bb1 Nh5 34.
Kg1 Qg5+ 35. Kh1 Qxc1+ 36. Kg2 Qd2+ 37. Kf1 Re1# 0-1

[Event "4NCL/Div4/GUI4 vs. LIT1"]
[Site "Birmingham ENG"]
[Date "2007.10.27"]
[Round "1.1"]
[White "Dekker, Alain"]
[Black "Jones, Christopher M"]
[Result "1-0"]
[WhiteElo "2124"]
[BlackElo "2145"]
[PlyCount "63"]
[EventDate "2007.10.27"]
[EventType "team"]
[EventRounds "11"]
[EventCountry "ENG"]
[SourceDate "2007.09.15"]

1. e4 e5 2. f4 Bc5 3. Nf3 d6 4. c3 Bg4 5. h3 Bxf3 6. Qxf3 Nc6 7. Bc4 Nf6 8. d3
Qe7 9. Kd1 Bb6 10. Bb5 Rd8 11. Kc2 Rg8 12. Rf1 Qd7 13. Na3 Qe6 14. g4 Nd7 15.
f5 Qe7 16. g5 Nf8 17. h4 g6 18. Bc4 Rd7 19. h5 Na5 20. Bb5 Nc6 21. b4 a5 22.
bxa5 Bxa5 23. Nc4 Bb6 24. a4 gxf5 25. a5 Ba7 26. a6 Ne6 27. axb7 Ned4+ 28. cxd4
Nxd4+ 29. Kd1 c6 30. Rxa7 Rxb7 31. Bxc6+ Nxc6 32. Rxb7 1-0

[Event "4NCL/Div4/GUI4 vs. LIT1"]
[Site "Birmingham ENG"]
[Date "2007.10.27"]
[Round "1.2"]
[White "Salisbury, Michael W"]
[Black "Shepley, Julien M"]
[Result "1/2-1/2"]
[WhiteElo "2137"]
[BlackElo "2110"]
[PlyCount "99"]
[EventDate "2007.10.27"]
[EventType "team"]
[EventRounds "11"]
[EventCountry "ENG"]
[SourceDate "2007.09.15"]

1. e4 d5 2. exd5 Qxd5 3. Nc3 Qd6 4. Nf3 Nf6 5. Be2 a6 6. O-O Nc6 7. Re1 Bf5 8.
d3 O-O-O 9. a3 h6 10. Be3 e5 11. Nd2 Nd4 12. Nce4 Qc6 13. Bxd4 exd4 14. Bf3 Nd5
15. Rc1 Qg6 16. Bh5 Qh7 17. Bxf7 Nf4 18. Bh5 g6 19. Bg4 h5 20. Bxf5+ gxf5 21.
Ng5 Qg6 22. h4 Bh6 23. Ndf3 Rhg8 24. Ne5 Qf6 25. Nef7 Bxg5 26. Nxg5 Rxg5 27.
hxg5 Qxg5 28. Qf3 Rg8 29. g3 h4 30. Kf1 hxg3 31. Qxg3 Qxg3 32. fxg3 Rxg3 33.
Kf2 Rg5 34. Re8+ Kd7 35. Rh8 Ne6 36. Rg1 Rxg1 37. Kxg1 Kd6 38. Kf2 Kd5 39. Kg3
a5 40. Rh5 Ke5 41. Rh7 Kf6 42. Rd7 Ke5 43. c3 dxc3 44. bxc3 b5 45. d4+ Ke4 46.
Kf2 Nf4 47. Re7+ Kd3 48. Rxc7 Nd5 49. Rc5 Nxc3 50. Kf1 1/2-1/2

[Event "4NCL/Div4/GUI4 vs. LIT1"]
[Site "Birmingham ENG"]
[Date "2007.10.27"]
[Round "1.3"]
[White "Stimpson, Philip M"]
[Black "Edwards, Alan"]
[Result "1/2-1/2"]
[WhiteElo "2090"]
[BlackElo "2086"]
[PlyCount "48"]
[EventDate "2007.10.27"]
[EventType "team"]
[EventRounds "11"]
[EventCountry "ENG"]
[SourceDate "2007.09.15"]

1. e4 e6 2. Nc3 d5 3. Nf3 Nf6 4. e5 Nfd7 5. d4 c5 6. dxc5 Nc6 7. Bf4 Bxc5 8.
Bd3 f6 9. exf6 Nxf6 10. O-O O-O 11. Ne5 Bd7 12. Qd2 Nxe5 13. Bxe5 Ng4 14. Bg3
Qb6 15. Rae1 Rf7 16. Nd1 Raf8 17. c3 Bd6 18. Ne3 Nxe3 19. Rxe3 Bxg3 20. Rxg3 e5
21. Qe3 Qxe3 22. Rxe3 e4 23. Be2 Bc6 24. f3 Rd8 1/2-1/2

[Event "4NCL/Div4/GUI4 vs. LIT1"]
[Site "Birmingham ENG"]
[Date "2007.10.27"]
[Round "1.4"]
[White "Gibson, Christopher A"]
[Black "Sen, Subin"]
[Result "0-1"]
[WhiteElo "2032"]
[BlackElo "2026"]
[PlyCount "80"]
[EventDate "2007.10.27"]
[EventType "team"]
[EventRounds "11"]
[EventCountry "ENG"]
[SourceDate "2007.09.15"]

1. d4 Nf6 2. c4 g6 3. Nc3 d5 4. cxd5 Nxd5 5. e4 Nxc3 6. bxc3 Bg7 7. Nf3 c5 8.
Rb1 O-O 9. Be2 b6 10. O-O Bb7 11. Qd3 Ba6 12. Qd2 Qd7 13. Bxa6 Nxa6 14. d5 Qa4
15. Re1 Rfd8 16. Ng5 h6 17. Nf3 e6 18. d6 e5 19. Rb2 Rd7 20. Qd5 Re8 21. Rd2 c4
22. Rdd1 Nc5 23. Bxh6 Bxh6 24. Nxe5 Rxe5 25. Qxe5 Nd3 26. Qe8+ Bf8 27. Rf1 Qc6
28. Rd2 Rxd6 29. Qxc6 Rxc6 30. f4 Bc5+ 31. Kh1 Be3 32. Re2 Bxf4 33. g3 Be5 34.
Rc2 Rd6 35. Kg2 Nc5 36. Rcf2 f6 37. Re2 Rd3 38. g4 Rxc3 39. g5 fxg5 40. Ref2
Bf4 0-1

[Event "4NCL/Div4/GUI4 vs. LIT1"]
[Site "Birmingham ENG"]
[Date "2007.10.27"]
[Round "1.5"]
[White "Smart, Michael R"]
[Black "Jackson, James P"]
[Result "0-1"]
[WhiteElo "1972"]
[BlackElo "2035"]
[PlyCount "77"]
[EventDate "2007.10.27"]
[EventType "team"]
[EventRounds "11"]
[EventCountry "ENG"]
[SourceDate "2007.09.15"]

1. e4 c5 2. Nf3 Nc6 3. d4 cxd4 4. Nxd4 Nf6 5. Nc3 e5 6. Ndb5 d6 7. Bg5 a6 8.
Na3 b5 9. Nd5 Be7 10. Bxf6 Bxf6 11. c3 O-O 12. Nc2 Bg5 13. Nce3 Rb8 14. a3 Be6
15. Be2 g6 16. O-O f5 17. exf5 gxf5 18. f4 Bh6 19. Kh1 Kh8 20. a4 bxa4 21. Rxa4
a5 22. Rc4 Ne7 23. Nxe7 Qxe7 24. Rc6 Rbd8 25. Nd5 Qb7 26. Nc7 Bb3 27. Qxb3 Qxb3
28. Bc4 Qxb2 29. fxe5 dxe5 30. Rxh6 Qd2 31. Rh3 Rf6 32. Ne6 Rd6 33. Nc7 Rg6 34.
Rg1 Rh6 35. Rg3 Rhg6 36. Rh3 e4 37. Ne8 Rb6 38. Bf7 e3 39. Bxg6 {time} 0-1

[Event "4NCL/Div4/GUI4 vs. LIT1"]
[Site "Birmingham ENG"]
[Date "2007.10.27"]
[Round "1.6"]
[White "Jaszkiwskyj, Peter"]
[Black "Bryant, Richard"]
[Result "1-0"]
[WhiteElo "2005"]
[BlackElo "1937"]
[PlyCount "111"]
[EventDate "2007.10.27"]
[EventType "team"]
[EventRounds "11"]
[EventCountry "ENG"]
[SourceDate "2007.09.15"]

1. e4 c5 2. Nf3 e6 3. d4 cxd4 4. Nxd4 a6 5. Nc3 Nc6 6. Be3 Nge7 7. Be2 Nxd4 8.
Qxd4 Nc6 9. Qd2 b5 10. O-O Bb7 11. Rad1 Be7 12. a3 d6 13. f4 O-O 14. Bf3 Na5
15. b3 Rc8 16. Rf2 Qc7 17. Na2 Nc6 18. Nb4 Nxb4 19. axb4 d5 20. e5 Qc3 21. Qxc3
Rxc3 22. Bd4 Rc6 23. c3 Bh4 24. Rc2 Rfc8 25. Bc5 R6c7 26. Rd3 h6 27. Kf1 Be7
28. Bxe7 Rxe7 29. Ke2 Rec7 30. Ke3 Kf8 31. Kd4 Ke7 32. g4 f6 33. Re3 g6 34.
exf6+ Kxf6 35. Rce2 Re8 36. Re5 Rce7 37. g5+ hxg5 38. fxg5+ Kg7 39. Bg4 Bc8 40.
Rf2 Rf7 41. Rxf7+ Kxf7 42. h3 Ke7 43. Kc5 Rf8 44. Re3 Rf4 45. Rf3 Re4 46. Rf6
Re3 47. Kd4 Rg3 48. Rxg6 Kd6 49. Rf6 Ke7 50. Rf3 Rg2 51. g6 e5+ 52. Kxe5 Bxg4
53. Rf7+ Ke8 54. hxg4 Rxg4 55. Rf6 Rg3 56. Kxd5 1-0

[Event "4NCL/Div4/OXF2 vs. CHED"]
[Site "Birmingham ENG"]
[Date "2007.10.27"]
[Round "1.1"]
[White "Ozeren, Kemal"]
[Black "Acey, Gerald"]
[Result "0-1"]
[WhiteElo "2312"]
[BlackElo "2150"]
[PlyCount "114"]
[EventDate "2007.10.27"]
[EventType "team"]
[EventRounds "11"]
[EventCountry "ENG"]
[SourceDate "2007.09.15"]

1. d4 Nf6 2. Nf3 e6 3. e3 d5 4. b3 c5 5. Bd3 Nc6 6. O-O cxd4 7. exd4 Bd6 8. Bb2
O-O 9. Nbd2 Qc7 10. a3 e5 11. dxe5 Nxe5 12. Nxe5 Bxe5 13. Bxe5 Qxe5 14. Nf3 Qc3
15. Qe1 Qc5 16. Qb4 Qxb4 17. axb4 Bg4 18. Nd4 a6 19. Ra5 Bd7 20. Rfa1 Rac8 21.
b5 axb5 22. Bxb5 Bc6 23. Bxc6 bxc6 24. Rc5 Ra8 25. Rxa8 Rxa8 26. f3 h6 27. Rxc6
Ra1+ 28. Kf2 Rd1 29. Rc8+ Kh7 30. Ke3 Kg6 31. b4 Nd7 32. f4 f6 33. f5+ Kh5 34.
Rd8 Nb6 35. Nf3 Kg4 36. Nd2 Kxf5 37. Rd6 Rxd2 38. Rxb6 Rxc2 39. Kf3 Rc3+ 40.
Ke2 Rb3 41. Rb7 g5 42. Rd7 Ke4 43. Re7+ Kd4 44. Re6 Rb2+ 45. Kf3 f5 46. Rxh6
Rxb4 47. Rg6 Rb3+ 48. Kf2 g4 49. Re6 f4 50. Re8 Rb2+ 51. Kf1 Kd3 52. Rf8 Rb4
53. Kf2 Re4 54. Ra8 d4 55. Ra2 Kc3 56. Ra4 Kb3 57. Ra8 d3 0-1

[Event "4NCL/Div4/OXF2 vs. CHED"]
[Site "Birmingham ENG"]
[Date "2007.10.27"]
[Round "1.2"]
[White "Gilmore, Simon N"]
[Black "Schaper, Steffen"]
[Result "1-0"]
[WhiteElo "2055"]
[BlackElo "2175"]
[PlyCount "99"]
[EventDate "2007.10.27"]
[EventType "team"]
[EventRounds "11"]
[EventCountry "ENG"]
[SourceDate "2007.09.15"]

1. e4 c5 2. c4 Nc6 3. Ne2 g6 4. d4 cxd4 5. Nxd4 Bg7 6. Be3 d6 7. Nc3 Nf6 8. Be2
O-O 9. O-O Nxd4 10. Bxd4 Be6 11. f3 Qa5 12. Qd2 Rac8 13. b3 Nd7 14. Rfd1 Bxd4+
15. Qxd4 Qc5 16. Qxc5 Nxc5 17. Rac1 a5 18. Nd5 Bxd5 19. cxd5 Rc7 20. Rc3 Rfc8
21. Rdc1 Kg7 22. a3 Kf6 23. b4 axb4 24. axb4 Na6 25. Rxc7 Rxc7 26. Rxc7 Nxc7
27. Kf2 Ke5 28. Ke3 f5 29. f4+ Kf6 30. Kd4 fxe4 31. Kxe4 h5 32. g3 b5 33. h3
Na6 34. Bxb5 Nxb4 35. Be2 Na2 36. Kd4 Nb4 37. Bc4 Nc2+ 38. Kd3 Ne1+ 39. Kd2
Nf3+ 40. Ke3 Ne1 41. Bb3 g5 42. fxg5+ Kxg5 43. Ke2 Ng2 44. Kf2 Nf4 45. gxf4+
Kxf4 46. Kg2 h4 47. Kf2 Ke4 48. Ke2 Kf5 49. Kd3 Ke5 50. Ke3 1-0

[Event "4NCL/Div4/OXF2 vs. CHED"]
[Site "Birmingham ENG"]
[Date "2007.10.27"]
[Round "1.3"]
[White "Dickinson, Timothy R"]
[Black "Armstrong, William G"]
[Result "1-0"]
[WhiteElo "2162"]
[BlackElo "1949"]
[PlyCount "39"]
[EventDate "2007.10.27"]
[EventType "team"]
[EventRounds "11"]
[EventCountry "ENG"]
[SourceDate "2007.09.15"]

1. e4 c5 2. c3 g6 3. d4 cxd4 4. cxd4 d5 5. exd5 Nf6 6. Nc3 Nxd5 7. Bc4 Nxc3 8.
bxc3 Bg7 9. Nf3 O-O 10. O-O Qc7 11. Bb3 Bg4 12. h3 Bf5 13. Ba3 Nc6 14. Re1 Rad8
15. Qe2 Rfe8 16. Qc4 Be6 17. Rxe6 fxe6 18. Qxe6+ Kh8 19. Ng5 Rf8 20. Qg8+ 1-0

[Event "4NCL/Div4/OXF2 vs. CHED"]
[Site "Birmingham ENG"]
[Date "2007.10.27"]
[Round "1.4"]
[White "Whitfield, Craig M"]
[Black "Starkie, Ray"]
[Result "0-1"]
[WhiteElo "1955"]
[BlackElo "2140"]
[PlyCount "58"]
[EventDate "2007.10.27"]
[EventType "team"]
[EventRounds "11"]
[EventCountry "ENG"]
[SourceDate "2007.09.15"]

1. e4 c5 2. Nf3 g6 3. d4 cxd4 4. Nxd4 Nc6 5. Be3 Nf6 6. Nc3 Bg7 7. Bc4 O-O 8.
Bb3 a5 9. f3 d5 10. exd5 Nb4 11. Nde2 Bf5 12. a3 a4 13. Nxa4 Nfxd5 14. Bc5
Nxc2+ 15. Bxc2 Bxc2 16. Qxc2 Qa5+ 17. Nac3 Qxc5 18. Rc1 Ne3 19. Qe4 Nxg2+ 20.
Kf1 Ne3+ 21. Ke1 Nf5 22. Nd5 Qa5+ 23. Nec3 e6 24. Nb4 Bh6 25. f4 Rad8 26. Nc2
Qb6 27. Na4 Qd6 28. Kf2 Qd2+ 29. Qe2 Qxf4+ 0-1

[Event "4NCL/Div4/OXF2 vs. CHED"]
[Site "Birmingham ENG"]
[Date "2007.10.27"]
[Round "1.5"]
[White "Bruce, Dave"]
[Black "Yee, John Y"]
[Result "0-1"]
[WhiteElo "2109"]
[BlackElo "1920"]
[PlyCount "62"]
[EventDate "2007.10.27"]
[EventType "team"]
[EventRounds "11"]
[EventCountry "ENG"]
[SourceDate "2007.09.15"]

1. e4 c6 2. d4 d5 3. Nd2 dxe4 4. Nxe4 Bf5 5. Ng3 Bg6 6. h4 h6 7. Nf3 Nd7 8. h5
Bh7 9. Bd3 Bxd3 10. Qxd3 Ngf6 11. Bd2 e6 12. O-O-O Qb6 13. Ne4 O-O-O 14. Nxf6
gxf6 15. Bf4 Qa5 16. Kb1 Nc5 17. Qe3 Na6 18. Bg3 Nb4 19. a3 Nd5 20. Qc1 Nc3+
21. Ka1 Nxd1 22. Rxd1 Qxh5 23. c4 Bd6 24. Bxd6 Rxd6 25. d5 exd5 26. Qe3 Rhd8
27. Qc5 b6 28. Qb4 c5 29. Qa4 dxc4 30. Rxd6 Rxd6 31. Qxa7 Qd5 0-1

[Event "4NCL/Div4/OXF2 vs. CHED"]
[Site "Birmingham ENG"]
[Date "2007.10.27"]
[Round "1.6"]
[White "Stepanyan, Henrik"]
[Black "Lang, Heather"]
[Result "1-0"]
[WhiteElo "1920"]
[BlackElo "2072"]
[PlyCount "89"]
[EventDate "2007.10.27"]
[EventType "team"]
[EventRounds "11"]
[EventCountry "ENG"]
[SourceDate "2007.09.15"]

1. d4 f5 2. c4 Nf6 3. Nc3 g6 4. Nf3 Bg7 5. Bf4 d6 6. e3 Nh5 7. Bg3 Nc6 8. Be2
Bd7 9. Nd2 Nxg3 10. fxg3 O-O 11. Nb3 e5 12. d5 Ne7 13. O-O Bh6 14. Qd2 g5 15.
Kh1 Qe8 16. Rf2 Qg6 17. Raf1 g4 18. Bd3 Qg5 19. Nd1 Rf6 20. Nc1 b6 21. Ne2 Qh5
22. Ng1 Raf8 23. b4 f4 24. exf4 exf4 25. h3 f3 26. Qe1 fxg2+ 27. Rxg2 Rxf1 28.
Bxf1 gxh3 29. Rh2 Ng6 30. Bxh3 Bxh3 31. Rxh3 Qg5 32. Qe2 Ne5 33. Nc3 {=} Qc1
34. Qh5 Rf6 35. Qh4 Nf3 36. Qg4+ Ng5 37. Nce2 Qe3 38. Rh4 Kh8 39. Qc8+ Kg7 40.
Qxc7+ Rf7 41. Qxd6 Nh3 42. Qe6 Nxg1 43. Nxg1 Rf1 44. Rg4+ Bg5 45. Qxe3 1-0

[Event "4NCL/Div4/FCA2 vs. ATH"]
[Site "Birmingham ENG"]
[Date "2007.10.27"]
[Round "1.1"]
[White "Smith, Graham"]
[Black "Pedersen, Carsten"]
[Result "0-1"]
[WhiteElo "2123"]
[BlackElo "2141"]
[PlyCount "90"]
[EventDate "2007.10.27"]
[EventType "team"]
[EventRounds "11"]
[EventCountry "ENG"]
[SourceDate "2007.09.15"]

1. e4 e6 2. b3 d5 3. Bb2 Nf6 4. e5 Nfd7 5. Qg4 c5 6. f4 Nc6 7. Nf3 g6 8. Be2
Bg7 9. Nc3 a6 10. h4 h5 11. Qg3 Ne7 12. a4 b6 13. Bd3 Bb7 14. Ng5 Nf8 15. O-O
Nf5 16. Bxf5 gxf5 17. Rae1 d4 18. Nb1 Qd7 19. Na3 Bd5 20. Qd3 Ng6 21. g3 Bh6
22. Nc4 Bxc4 23. Qxc4 Bxg5 24. fxg5 Qc7 25. Qe2 Qc6 26. c3 Qd5 27. Qg2 Qxg2+
28. Kxg2 dxc3 29. Bxc3 Ne7 30. b4 cxb4 31. Bxb4 Nd5 32. Ba3 Kd7 33. Rc1 Rac8
34. Kf3 Rxc1 35. Rxc1 Rc8 36. Rxc8 Kxc8 37. Ke2 Kd7 38. d4 Nc3+ 39. Kd3 Nxa4
40. Kc4 Kc6 41. Kb4 b5 42. Ka5 Nc3 43. Kxa6 Ne2 44. d5+ Kxd5 45. Kxb5 Nxg3 0-1